|
|
|
|
| LEADER |
00795cam a2200193 7i4500 |
| 001 |
0000061677 |
| 005 |
20080506090000.0 |
| 008 |
080504s2007 my a 0 may |
| 020 |
# |
0 |
|a 9789833663101
|
| 090 |
0 |
0 |
|a LB 2341.8 .M3
|b P4 2007
|
| 245 |
0 |
0 |
|a Pelan strategik pengajian tinggi negara :
|b peletakan asas melangkaui 2020.
|
| 246 |
0 |
1 |
|a National higher education strategic plan:
|b laying the foundation beyond 2020..
|
| 260 |
# |
# |
|a Putrajaya:
|b Kementerian Pengajian Tinggi Malaysia,
|c 2007.
|
| 300 |
# |
# |
|a 168p.:
|b ill.;
|c 25 cm.
|
| 650 |
0 |
0 |
|a Continuing education --
|z Malaysia
|
| 650 |
0 |
0 |
|a Strategic planning --
|z Malaysia
|
| 650 |
0 |
0 |
|a Education, Higher --
|x Administration --
|z Malaysia
|
| 710 |
1 |
1 |
|a Kementerian Pengajian Tinggi Malaysia
|
| 999 |
|
|
|a 1100052242
|b Book
|c Open Shelf
|e KOLEKSI TERBUKA
|